| 000 | 00540nam a2200169 i 4500 | ||
|---|---|---|---|
| 001 | 84622 | ||
| 003 | ES-MaACL | ||
| 005 | 20230906175042.0 | ||
| 007 | t| | ||
| 008 | 041123s1958 sp ||||1| spa d | ||
| 100 | 1 |
_aJanneau, Guillaume. _966036 |
|
| 245 | 1 | 4 |
_aLas artes del fuego / _cGuillaume Janneau ; traducción castellana y notas de Francisco Albors. |
| 260 |
_aBarcelona : _bVergara, _c[1958] ( _fLinomonograph) |
||
| 300 |
_a138 p. : _bil. ; _c18 cm. |
||
| 700 | 1 |
_aAlbors, Francisco. _919415 |
|
| 852 |
_aES-MaACL _jC-15936 _bR.43743 |
||
| 999 |
_c84622 _d84622 |
||